[Event "Laval op"]
[Site "Laval CAN"]
[Date "2017.06.24"]
[Round "3.13"]
[White "Barre, Michel"]
[Black "Mercure, Gilbert"]
[Result "0-1"]
[WhiteElo "1945"]
[BlackElo "1847"]
[WhiteFideId "-1"]
[WhiteFideId "-1"]
[PlyCount "108"]
[GameId "2160767908411009"]
[EventDate "2017.06.23"]
[EventType "swiss"]
[EventRounds "5"]
[EventCountry "CAN"]

1. d4 d5 2. Bf4 f6 3. e3 Bf5 4. c4 e6 5. Nc3 Bb4 6. Qb3 Bxc3+ 7. bxc3 b6 8. Nf3 Ne7 9. h3 O-O 10. Nh4 Be4 11. f3 dxc4 12. Bxc4 Bd5 13. e4 g5 14. g3 gxf4 15. exd5 fxg3 16. dxe6 Qd6 17. Nf5 Nxf5 18. e7+ Kg7 19. exf8=Q+ Kxf8 20. O-O Nc6 21. Bg8 Qe7 22. Rfe1 Qg7 23. Be6 Nd6 24. Qd5 Qh6 25. Qxc6 Qd2 26. Qxa8+ Ne8 27. Qxe8+ Kxe8 28. Bc4+ Kf8 29. Re2 Qxc3 30. Rae1 Qxd4+ 31. Kg2 Qxc4 32. Re7 h5 33. Kxg3 h4+ 34. Kh2 Qf4+ 35. Kh1 Qxf3+ 36. Kg1 Qg3+ 37. Kf1 Qxh3+ 38. Kg1 Qg3+ 39. Kh1 Qd6 40. R7e3 Kf7 41. R1e2 b5 42. Kg2 f5 43. Kh3 Qb4 44. Rf2 Kf6 45. Ref3 Qg4+ 46. Kh2 a5 47. Rc3 b4 48. Rc6+ Ke5 49. Rfc2 Qg3+ 50. Kh1 h3 51. Rxc7 f4 52. Re7+ Kd6 53. Ree2 f3 54. Red2+ Ke5 0-1

[Event "Laval op"]
[Site "Laval CAN"]
[Date "2017.06.24"]
[Round "3.14"]
[White "Zhang, Hou Han"]
[Black "Ouellet, Maili-Jade"]
[Result "0-1"]
[WhiteElo "1752"]
[BlackElo "1934"]
[WhiteFideId "-1"]
[WhiteFideId "-1"]
[PlyCount "92"]
[GameId "2160767908411010"]
[EventDate "2017.06.23"]
[EventType "swiss"]
[EventRounds "5"]
[EventCountry "CAN"]

1. Nf3 d5 2. g3 Nf6 3. c4 e6 4. Bg2 Be7 5. O-O O-O 6. cxd5 exd5 7. d4 c6 8. Nc3 Nbd7 9. Bg5 Re8 10. Rc1 Nf8 11. Ne5 Ng6 12. f4 Bf5 13. Qb3 Qb6 14. Qxb6 axb6 15. h3 h6 16. Bxf6 Bxf6 17. g4 Bc8 18. a3 Nh4 19. e4 Nxg2 20. Kxg2 dxe4 21. Nxe4 Be7 22. f5 Bf8 23. Rce1 Ra4 24. Nf3 Bd7 25. Nc3 Raa8 26. Ne5 Rad8 27. Rd1 Bc8 28. f6 Be6 29. Rf4 c5 30. d5 Bxd5+ 31. Rxd5 Rxd5 32. Nxd5 Rxe5 33. Nxb6 Re2+ 34. Rf2 Rxf2+ 35. Kxf2 gxf6 36. Nd5 Kg7 37. Ke3 Kg6 38. Ke4 Kg5 39. Ne3 Kh4 40. Nf5+ Kxh3 41. Kf3 b5 42. Kf4 c4 43. Ne3 Bd6+ 44. Kf3 Be5 45. a4 bxa4 46. Nxc4 Bxb2 0-1

[Event "Laval op"]
[Site "Laval CAN"]
[Date "2017.06.24"]
[Round "3.15"]
[White "Abran, David"]
[Black "Mok, Yuen Tak"]
[Result "0-1"]
[WhiteElo "1870"]
[BlackElo "1827"]
[WhiteFideId "-1"]
[WhiteFideId "-1"]
[PlyCount "60"]
[GameId "2160767908411011"]
[EventDate "2017.06.23"]
[EventType "swiss"]
[EventRounds "5"]
[EventCountry "CAN"]

1. d4 d5 2. c4 e6 3. Nc3 c6 4. Nf3 dxc4 5. a4 Bb4 6. e4 b5 7. Be2 Bb7 8. Qc2 Nd7 9. O-O a6 10. Bg5 Qc7 11. Rad1 Ngf6 12. Bh4 h6 13. Bg3 Qb6 14. Na2 Be7 15. Ne5 O-O 16. Kh1 c5 17. Nxd7 Nxd7 18. d5 Nf6 19. Bf3 exd5 20. exd5 Rfd8 21. Nc3 Rd7 22. Rfe1 Rad8 23. d6 Bxf3 24. dxe7 Bxg2+ 25. Kxg2 Qc6+ 26. Kg1 Re8 27. Rxd7 Qxd7 28. Ne4 Nd5 29. Nxc5 Qc6 30. Nd3 Qg6 0-1

[Event "Laval op"]
[Site "Laval CAN"]
[Date "2017.06.24"]
[Round "3.16"]
[White "Gauthier, Denis"]
[Black "Morin, Louis"]
[Result "1/2-1/2"]
[WhiteElo "1862"]
[BlackElo "1886"]
[WhiteFideId "-1"]
[WhiteFideId "-1"]
[PlyCount "48"]
[GameId "2160767908411012"]
[EventDate "2017.06.23"]
[EventType "swiss"]
[EventRounds "5"]
[EventCountry "CAN"]

1. d4 e5 2. dxe5 Nc6 3. Nf3 h6 4. Nc3 Nge7 5. e4 Ng6 6. Bc4 Ncxe5 7. Nxe5 Nxe5 8. Bb3 Bb4 9. Qd4 Qe7 10. f4 Qh4+ 11. Kf1 Bxc3 12. Qxc3 Ng4 13. Qg3 Qxg3 14. hxg3 d6 15. Bd2 Be6 16. c4 O-O-O 17. Re1 f5 18. Bc3 Rd7 19. Re2 Rf8 20. Ke1 fxe4 21. Rxe4 Bf5 22. Re2 Bd3 23. Re6 Bf5 24. Re2 Bd3 1/2-1/2

[Event "Laval op"]
[Site "Laval CAN"]
[Date "2017.06.25"]
[Round "4"]
[White "Lopez Linares, Lizandro"]
[Black "Bassel, Charaf"]
[Result "1-0"]
[WhiteElo "2136"]
[BlackElo "2127"]
[WhiteFideId "-1"]
[WhiteFideId "-1"]
[PlyCount "139"]
[GameId "2160767908411014"]
[EventDate "2017.06.23"]
[EventType "swiss"]
[EventRounds "5"]
[EventCountry "CAN"]
[SourceTitle "CBM 179 Extra"]
[Source "ChessBase"]
[SourceDate "2017.08.23"]
[SourceVersion "1"]
[SourceVersionDate "2017.08.23"]
[SourceQuality "1"]

1. d4 d5 2. Nf3 Nf6 3. c4 c6 4. Nc3 e6 5. Bg5 h6 6. Bxf6 Qxf6 7. e3 Nd7 8. Rc1 g6 9. a3 Bg7 10. cxd5 exd5 11. b4 a6 12. Na4 O-O 13. Be2 Re8 14. O-O b5 15. Nc5 Nxc5 16. bxc5 a5 17. a4 b4 18. Nd2 h5 19. Nb3 Qg5 20. Kh1 Bf5 21. Rg1 h4 22. Bf3 Bf6 23. h3 Bd8 24. Re1 Bc7 25. Nd2 Rab8 26. Qb3 Kg7 27. Re2 Bc8 28. Qd3 f5 29. Ree1 Qh6 30. Bd1 g5 31. Rg1 Kf7 32. Bb3 Ke7 33. Rce1 Kd8 34. Bc2 Qg7 35. f3 Ra8 36. Nf1 Bb8 37. Qd1 g4 38. e4 fxe4 39. fxe4 dxe4 40. d5 Qd7 41. d6 Qf5 42. hxg4 Qxc5 43. Bxe4 Qxd6 44. Qc2 Kc7 45. Rd1 Qxd1 46. Qxd1 Rxe4 47. Qd3 Rxg4 48. Ne3 Rg7 49. Rc1 Ra6 50. Nf5 Rd7 51. Qe4 Ba7 52. Ne7 Bb7 53. Qe5+ Kb6 54. Qe6 Kc7 55. Qe5+ Kb6 56. Qf6 Kc7 57. Nf5 Bf2 58. Qe5+ Kb6 59. Nd6 Bg3 60. Nc4+ Ka7 61. Qc5+ Kb8 62. Nxa5 Bd6 63. Qf5 Rc7 64. Nc4 Be7 65. Re1 Bc8 66. Qf4 Bc5 67. Re5 Ba7 68. Re7 Bb6 69. Nxb6 Raa7 70. Rxc7 1-0

[Event "Laval op"]
[Site "Laval CAN"]
[Date "2017.06.25"]
[Round "4"]
[White "Tanaka, Tyler"]
[Black "Leger, Manon"]
[Result "1-0"]
[WhiteElo "1765"]
[BlackElo "1988"]
[WhiteFideId "-1"]
[WhiteFideId "-1"]
[PlyCount "84"]
[GameId "2160767908411015"]
[EventDate "2017.06.23"]
[EventType "swiss"]
[EventRounds "5"]
[EventCountry "CAN"]
[SourceTitle "CBM 179 Extra"]
[Source "ChessBase"]
[SourceDate "2017.08.23"]
[SourceVersion "1"]
[SourceVersionDate "2017.08.23"]
[SourceQuality "1"]

1. e4 c6 2. d4 d5 3. Nc3 dxe4 4. Nxe4 Bf5 5. Ng3 Bg6 6. h4 h5 7. Nf3 Nd7 8. Bd3 Bxd3 9. Qxd3 Ngf6 10. Bd2 e6 11. O-O-O Be7 12. Ne4 Nxe4 13. Qxe4 Nf6 14. Qe2 Qd5 15. Kb1 Qe4 16. Qc4 O-O 17. Rhe1 Qd5 18. Qe2 b5 19. Ne5 a5 20. Bg5 Rfe8 21. Bxf6 Bxf6 22. Qxh5 Bxe5 23. dxe5 Qxg2 24. Rg1 Qe4 25. Qh6 Qh7 26. Qg5 Kf8 27. Rd7 a4 28. Rg3 Kg8 29. a3 Rf8 30. Rd4 Kh8 31. Rdg4 Rg8 32. Qf4 Rad8 33. Rg1 Rd7 34. h5 Qf5 35. Qe3 Rd1+ 36. Ka2 Rxg1 37. Rxg1 Qxc2 38. Rc1 Qf5 39. h6 Rc8 40. hxg7+ Kg8 41. Rh1 Qc2 42. Rh8+ Kxg7 1-0

[Event "Laval op"]
[Site "Laval CAN"]
[Date "2017.06.25"]
[Round "4"]
[White "Vignalou, Joseph"]
[Black "Prahov, Valentin"]
[Result "0-1"]
[WhiteElo "1861"]
[BlackElo "2131"]
[WhiteFideId "-1"]
[WhiteFideId "-1"]
[PlyCount "80"]
[GameId "2160767908411016"]
[EventDate "2017.06.23"]
[EventType "swiss"]
[EventRounds "5"]
[EventCountry "CAN"]
[SourceTitle "CBM 179 Extra"]
[Source "ChessBase"]
[SourceDate "2017.08.23"]
[SourceVersion "1"]
[SourceVersionDate "2017.08.23"]
[SourceQuality "1"]

1. e4 c5 2. Nf3 e6 3. d4 cxd4 4. Nxd4 Nf6 5. Nc3 Nc6 6. Nb3 Bb4 7. Bd3 d5 8. exd5 Nxd5 9. O-O Nxc3 10. bxc3 Bxc3 11. Ba3 Qf6 12. Bb5 Bxa1 13. Qd6 Bd7 14. Rxa1 O-O-O 15. Rb1 Qe5 16. Bxc6 Qxd6 17. Bxb7+ Kc7 18. Bxd6+ Kxd6 19. c4 Bc6 20. Na5 Ba4 21. Bf3 Rb8 22. Nb7+ Kc7 23. Kf1 Bc6 24. Ke2 Bxf3+ 25. Kxf3 Rxb7 26. Rb5 Rxb5 27. cxb5 Kb6 28. a4 Ka5 29. b6 axb6 30. Ke4 Kxa4 31. Ke3 b5 32. Ke4 b4 33. h3 b3 34. Kf3 b2 35. Kg3 b1=Q 36. Kh2 h5 37. g3 h4 38. g4 Qf1 39. f3 Rd8 40. f4 Rd2# 0-1

[Event "Laval op"]
[Site "Laval CAN"]
[Date "2017.06.25"]
[Round "4.4"]
[White "Larochelle, Martial"]
[Black "Jacquet, Stephane"]
[Result "1-0"]
[WhiteElo "2069"]
[BlackElo "1996"]
[WhiteFideId "-1"]
[WhiteFideId "-1"]
[PlyCount "61"]
[GameId "2160767908411019"]
[EventDate "2017.06.23"]
[EventType "swiss"]
[EventRounds "5"]
[EventCountry "CAN"]

1. d4 Nf6 2. Nf3 e6 3. Bg5 d5 4. e3 c5 5. c3 Be7 6. Nbd2 Nbd7 7. Bd3 O-O 8. Ne5 Nxe5 9. dxe5 Nd7 10. Bf4 Re8 11. Qh5 Nf8 12. Nf3 Bd7 13. O-O Bc6 14. Rfd1 Qb6 15. b3 a5 16. Rab1 Rad8 17. Ng5 g6 18. Qh6 d4 19. exd4 cxd4 20. c4 Qc5 21. Re1 Qa3 22. h4 a4 23. h5 Qxa2 24. Nxh7 Nxh7 25. hxg6 Nf8 26. g7 Ng6 27. Re2 Qxe2 28. Bxe2 Be4 29. Rd1 axb3 30. Bd3 Bc6 31. Kh2 1-0

[Event "Laval op"]
[Site "Laval CAN"]
[Date "2017.06.25"]
[Round "4.5"]
[White "Zheng, Richard"]
[Black "Trinh, Tri Bao"]
[Result "1/2-1/2"]
[WhiteElo "1722"]
[BlackElo "2047"]
[WhiteFideId "-1"]
[WhiteFideId "-1"]
[PlyCount "64"]
[GameId "2160767908411020"]
[EventDate "2017.06.23"]
[EventType "swiss"]
[EventRounds "5"]
[EventCountry "CAN"]

1. d4 Nf6 2. c4 e6 3. Nf3 Bb4+ 4. Bd2 Qe7 5. e3 Nc6 6. a3 Bxd2+ 7. Nbxd2 d6 8. Rc1 e5 9. d5 Nb8 10. e4 O-O 11. Bd3 a5 12. O-O Na6 13. Qc2 Nh5 14. Ne1 Nf4 15. f3 Nc5 16. Nb1 a4 17. Nc3 Bd7 18. Ne2 Ra6 19. Nxf4 exf4 20. Be2 Rb6 21. Nd3 Nxd3 22. Bxd3 Qe5 23. Rb1 Rb3 24. Rfd1 b6 25. Kf1 h6 26. Qd2 Ra8 27. Be2 Ra5 28. Qd4 f6 29. Qxe5 fxe5 30. Rd3 Rxd3 31. Bxd3 Kf7 32. Rc1 Ra8 1/2-1/2

[Event "Laval op"]
[Site "Laval CAN"]
[Date "2017.06.25"]
[Round "4.6"]
[White "Huang, Qiuyu"]
[Black "Johnson-Constantin, Mathieu"]
[Result "1-0"]
[WhiteElo "2034"]
[BlackElo "1774"]
[WhiteFideId "-1"]
[WhiteFideId "-1"]
[PlyCount "41"]
[GameId "2160767908411021"]
[EventDate "2017.06.23"]
[EventType "swiss"]
[EventRounds "5"]
[EventCountry "CAN"]

1. e4 e6 2. d4 d5 3. Nc3 Bb4 4. exd5 exd5 5. Bd3 Nf6 6. Nge2 c5 7. dxc5 Nc6 8. O-O Bg4 9. f3 Bxc5+ 10. Kh1 Be6 11. f4 Ng4 12. f5 Nxh2 13. Rf4 g5 14. Ra4 Qf6 15. Ng3 g4 16. Qd2 Nf1 17. Nxf1 Qh4+ 18. Nh2 Bd6 19. g3 Qxg3 20. fxe6 Bc5 21. Rxg4 1-0

[Event "Laval op"]
[Site "Laval CAN"]
[Date "2017.06.25"]
[Round "4.7"]
[White "Saha, Ananda"]
[Black "Nikulich, Oleksandr"]
[Result "1/2-1/2"]
[WhiteElo "2013"]
[BlackElo "1988"]
[WhiteFideId "-1"]
[WhiteFideId "-1"]
[PlyCount "103"]
[GameId "2160767908411022"]
[EventDate "2017.06.23"]
[EventType "swiss"]
[EventRounds "5"]
[EventCountry "CAN"]

1. Nf3 f5 2. g3 Nf6 3. Bg2 g6 4. d3 Bg7 5. O-O O-O 6. Nbd2 d6 7. c4 e5 8. Rb1 e4 9. dxe4 fxe4 10. Ng5 e3 11. fxe3 Qe7 12. Nde4 Nbd7 13. Nc3 Nb6 14. e4 h6 15. Nh3 Bxh3 16. Bxh3 Nxe4 17. Rxf8+ Rxf8 18. Nd5 Qf7 19. Nf4 Ng5 20. Bg2 Qxc4 21. Be3 Kh7 22. b3 Qc3 23. Bf2 Qf6 24. Qc2 Qf5 25. e4 Qf7 26. h4 Ne6 27. Nxe6 Qxe6 28. Qxc7 Rf7 29. Qc2 Nd7 30. Rd1 b6 31. h5 Be5 32. Qe2 g5 33. Bf3 Nf6 34. g4 Rc7 35. Kg2 Qc8 36. Rd2 Rc1 37. Bg3 Qc3 38. Bxe5 Qxe5 39. Qd3 Ne8 40. Qa6 Rc7 41. Qd3 Kg7 42. Qd5 Qxd5 43. exd5 Kf7 44. Re2 Re7 45. Rc2 Rc7 46. Re2 Nf6 47. Re6 Rc2+ 48. Kg3 Rxa2 49. Rxd6 Rb2 50. Rc6 Rxb3 51. Rc7+ Kg8 52. Rc8+ 1/2-1/2

[Event "Laval op"]
[Site "Laval CAN"]
[Date "2017.06.25"]
[Round "4.10"]
[White "Mok, Yuen Tak"]
[Black "Marchand, Jacques"]
[Result "0-1"]
[WhiteElo "1827"]
[BlackElo "1988"]
[WhiteFideId "-1"]
[WhiteFideId "-1"]
[PlyCount "86"]
[GameId "2160767908411023"]
[EventDate "2017.06.23"]
[EventType "swiss"]
[EventRounds "5"]
[EventCountry "CAN"]

1. e4 e5 2. Nf3 Nc6 3. Bb5 f5 4. Nc3 fxe4 5. Nxe4 d5 6. Nxe5 dxe4 7. Nxc6 Qg5 8. Qe2 Nf6 9. f4 Qxf4 10. d4 Qd6 11. Ne5+ c6 12. Bc4 Be6 13. Bxe6 Qxe6 14. Qc4 Qxc4 15. Nxc4 O-O-O 16. c3 Be7 17. Bg5 Rhf8 18. O-O-O Rde8 19. Rhe1 Ng4 20. Bxe7 Rxe7 21. Rxe4 Rxe4 22. Nd6+ Kc7 23. Nxe4 Nxh2 24. Ng5 Rf2 25. Rd2 Rf5 26. Nxh7 Kd7 27. Re2 Ng4 28. Re4 Nf2 29. Re3 g5 30. Rf3 Rxf3 31. gxf3 Nh3 32. Nf6+ Ke6 33. Nh5 Ng1 34. f4 Ne2+ 35. Kd2 Nxf4 36. Nxf4+ gxf4 37. Ke2 b5 38. Kf3 Kf5 39. b3 a6 40. a3 a5 41. c4 a4 42. cxb5 axb3 43. bxc6 Ke6 0-1

[Event "Laval op"]
[Site "Laval CAN"]
[Date "2017.06.25"]
[Round "4.11"]
[White "Ouellet, Maili-Jade"]
[Black "Mercure, Gilbert"]
[Result "1-0"]
[WhiteElo "1934"]
[BlackElo "1847"]
[WhiteFideId "-1"]
[WhiteFideId "-1"]
[PlyCount "133"]
[GameId "2160767908411024"]
[EventDate "2017.06.23"]
[EventType "swiss"]
[EventRounds "5"]
[EventCountry "CAN"]

1. d4 d5 2. c4 e5 3. dxe5 d4 4. Nf3 Nc6 5. g3 Nge7 6. Nbd2 Ng6 7. Nb3 Ngxe5 8. Nfxd4 Nxd4 9. Qxd4 Qxd4 10. Nxd4 Bb4+ 11. Bd2 Bxd2+ 12. Kxd2 Nxc4+ 13. Kc3 Nd6 14. Bg2 Bd7 15. a4 c5 16. Nb3 Rc8 17. Rhd1 Bc6 18. Rxd6 Bxg2 19. f3 Bh3 20. Rd5 b6 21. g4 h5 22. gxh5 Be6 23. Rg5 Rh7 24. Rag1 Kf8 25. Nd2 Rd8 26. Ne4 f6 27. R5g2 Bh3 28. Rg3 Bf5 29. h6 Bxe4 30. hxg7+ Kg8 31. fxe4 Rxh2 32. Rd3 Rd4 33. Rxd4 cxd4+ 34. Kxd4 Rxe2 35. b3 Rd2+ 36. Kc4 a6 37. Rg6 Rf2 38. b4 Rf4 39. Kd5 b5 40. axb5 axb5 41. Rg3 f5 42. exf5 Rxf5+ 43. Ke4 Rh5 44. Rg4 Rh1 45. Kd3 Rd1+ 46. Kc3 Rd5 47. Rd4 Rg5 48. Rd7 Rg1 49. Rb7 Rg5 50. Kd4 Rh5 51. Rd7 Rg5 52. Rd5 Rg4+ 53. Kc5 Kxg7 54. Kxb5 Kf7 55. Re5 Rg8 56. Kc6 Kf6 57. Re1 Rc8+ 58. Kb7 Rc4 59. b5 Rb4 60. b6 Rb2 61. Ka7 Ra2+ 62. Kb8 Rb2 63. b7 Ra2 64. Rc1 Rh2 65. Kc7 Rh7+ 66. Kb6 Rh2 67. b8=Q 1-0

[Event "Laval op"]
[Site "Laval CAN"]
[Date "2017.06.25"]
[Round "4.12"]
[White "Turcotte, Jonathan"]
[Black "Marin, Sam"]
[Result "0-1"]
[WhiteElo "1985"]
[BlackElo "1921"]
[WhiteFideId "-1"]
[WhiteFideId "-1"]
[PlyCount "92"]
[GameId "2160767908411025"]
[EventDate "2017.06.23"]
[EventType "swiss"]
[EventRounds "5"]
[EventCountry "CAN"]

1. d4 Nf6 2. Nf3 b6 3. g3 Bb7 4. Bg2 e6 5. c4 Bb4+ 6. Bd2 Be7 7. Nc3 d6 8. O-O Nbd7 9. Qc2 O-O 10. e4 e5 11. Rfe1 c6 12. h3 Qc7 13. Rac1 Rfe8 14. b4 a6 15. a4 c5 16. bxc5 dxc5 17. d5 Red8 18. Nh4 g6 19. Bg5 Bf8 20. Rcd1 h6 21. Bc1 Ne8 22. Bb2 Nd6 23. Qb3 Rab8 24. f4 Bg7 25. Nf3 Re8 26. Nd2 Rf8 27. Rf1 f5 28. Ne2 Rbe8 29. fxe5 Nxe5 30. Nf4 Bc8 31. Bxe5 Bxe5 32. Nxg6 Bd4+ 33. Kh2 Rf6 34. exf5 Nxf5 35. Nf4 Re3 36. Qb1 Nxg3 37. Rf2 Nh5 38. d6 Qxd6 39. Ne4 Rxe4 40. Qxe4 Nxf4 41. Rf3 Ne2+ 42. Kh1 Ng3+ 43. Rxg3+ Qxg3 44. Qe8+ Rf8 45. Bd5+ Kg7 46. Qe7+ Kg6 0-1

[Event "Laval op"]
[Site "Laval CAN"]
[Date "2017.06.25"]
[Round "4.13"]
[White "Guipi Bopala, Prince Eric jr"]
[Black "Champetier, Serge"]
[Result "1/2-1/2"]
[WhiteElo "1616"]
[BlackElo "1983"]
[WhiteFideId "-1"]
[WhiteFideId "-1"]
[PlyCount "66"]
[GameId "2160767908411026"]
[EventDate "2017.06.23"]
[EventType "swiss"]
[EventRounds "5"]
[EventCountry "CAN"]

1. d4 d5 2. Bf4 Nf6 3. e3 c5 4. c3 Nc6 5. Bd3 Qb6 6. Qb3 Qxb3 7. axb3 e6 8. h3 Be7 9. Nd2 O-O 10. Ngf3 b6 11. O-O Ne8 12. Ne5 Nxe5 13. Bxe5 f6 14. Bh2 Bb7 15. Rfe1 a5 16. c4 cxd4 17. exd4 Bb4 18. Rad1 Kf7 19. Bxh7 a4 20. cxd5 Bxd5 21. Be4 axb3 22. Bxd5 exd5 23. Re2 Nd6 24. Bxd6 Bxd6 25. Re3 Ra4 26. Nxb3 Ra2 27. Re2 Rc8 28. g3 Rc4 29. Rd3 Ba3 30. Rdd2 Bb4 31. Rc2 Ba3 32. Rcd2 Bb4 33. Rc2 Ba3 1/2-1/2

[Event "Laval op"]
[Site "Laval CAN"]
[Date "2017.06.25"]
[Round "4.14"]
[White "Trahan, Daniel"]
[Black "Nica, Ion"]
[Result "1/2-1/2"]
[WhiteElo "1958"]
[BlackElo "1679"]
[WhiteFideId "-1"]
[WhiteFideId "-1"]
[PlyCount "59"]
[GameId "2160767908411027"]
[EventDate "2017.06.23"]
[EventType "swiss"]
[EventRounds "5"]
[EventCountry "CAN"]

1. d4 c5 2. d5 f5 3. c4 Nf6 4. Nc3 g6 5. Nf3 Bg7 6. e3 Na6 7. Bd3 d6 8. O-O O-O 9. a3 Bd7 10. Qc2 Nc7 11. e4 fxe4 12. Nxe4 Nxe4 13. Bxe4 b5 14. Re1 Bf5 15. Bg5 Bxe4 16. Rxe4 Rf7 17. Rae1 bxc4 18. Rxe7 Rxe7 19. Rxe7 Qb8 20. Re2 Qb3 21. Bc1 Qxc2 22. Rxc2 Rb8 23. Nd2 c3 24. bxc3 Nxd5 25. Ne4 Rb1 26. Nd2 Rb8 27. Ne4 Rb1 28. Nd2 Ra1 29. Nb3 Rb1 30. Nd2 1/2-1/2

[Event "Laval op"]
[Site "Laval CAN"]
[Date "2017.06.25"]
[Round "4.15"]
[White "Langlois-Remillard, Alexis"]
[Black "Forget, Luc"]
[Result "1-0"]
[WhiteElo "1868"]
[BlackElo "1963"]
[WhiteFideId "-1"]
[WhiteFideId "-1"]
[PlyCount "117"]
[GameId "2160767908411028"]
[EventDate "2017.06.23"]
[EventType "swiss"]
[EventRounds "5"]
[EventCountry "CAN"]

1. b3 d5 2. Bb2 Nf6 3. Nf3 Bf5 4. e3 e6 5. c4 Bd6 6. cxd5 exd5 7. Nd4 Bg4 8. Be2 Bxe2 9. Qxe2 O-O 10. Nc3 Nc6 11. Nf5 Ne7 12. Nxd6 Qxd6 13. Nb5 Qd7 14. Bxf6 gxf6 15. Rc1 Nc6 16. O-O a6 17. Nc3 f5 18. Qf3 Rad8 19. Ne2 f6 20. Ng3 Ne7 21. Qf4 c6 22. Nh5 Qe8 23. Qg3+ Ng6 24. Nf4 Rd7 25. b4 Kh8 26. a4 Nxf4 27. Qxf4 Qe4 28. Qxe4 fxe4 29. Rc5 f5 30. b5 axb5 31. axb5 cxb5 32. Rb1 d4 33. Rcxb5 dxe3 34. dxe3 Rff7 35. h3 Kg7 36. Kh2 Kf8 37. Kg3 Ke8 38. R1b2 Rg7+ 39. Kf4 Rxg2 40. Kxf5 Rh2 41. Rxb7 Rxf2+ 42. Kxe4 Rxb2 43. Rxb2 Re7+ 44. Kf4 Rf7+ 45. Kg4 Rg7+ 46. Kf3 Rf7+ 47. Ke2 Rf6 48. Rb4 Kf7 49. Rf4 Rxf4 50. exf4 Ke6 51. Ke3 Kf5 52. Kf3 Kf6 53. h4 h5 54. Ke4 Ke6 55. f5+ Kf6 56. Kf4 Kf7 57. Kg5 Kg7 58. Kxh5 Kf6 59. Kg4 1-0

[Event "Laval op"]
[Site "Laval CAN"]
[Date "2017.06.25"]
[Round "4.16"]
[White "Gauthier, Denis"]
[Black "Barre, Michel"]
[Result "0-1"]
[WhiteElo "1862"]
[BlackElo "1945"]
[WhiteFideId "-1"]
[WhiteFideId "-1"]
[PlyCount "116"]
[GameId "2160767908411029"]
[EventDate "2017.06.23"]
[EventType "swiss"]
[EventRounds "5"]
[EventCountry "CAN"]

1. d4 Nf6 2. c4 e6 3. Nf3 d5 4. Nc3 dxc4 5. e4 Bb4 6. Bg5 c5 7. Bxc4 cxd4 8. Nxd4 Bxc3+ 9. bxc3 Qa5 10. Bb5+ Bd7 11. Qd3 a6 12. Bxf6 gxf6 13. Bc4 Nc6 14. Nxc6 Bxc6 15. O-O Rd8 16. Qe3 Qe5 17. Rfe1 Rg8 18. f4 Qd6 19. Re2 b5 20. Bb3 Qd3 21. Rd1 Qxe3+ 22. Rxe3 f5 23. Rxd8+ Kxd8 24. Bc2 Kc7 25. g3 fxe4 26. Bxe4 Bxe4 27. Rxe4 Rd8 28. f5 exf5 29. Rh4 Rd1+ 30. Kf2 Kd7 31. Ke3 Ra1 32. Rxh7 Ke7 33. h4 Rxa2 34. Rh6 Ra4 35. Rb6 f6 36. h5 Kf7 37. Rb7+ Kg8 38. Rb6 Kg7 39. h6+ Kxh6 40. Rxf6+ Kg5 41. Rb6 Rc4 42. Kd2 Kg4 43. Rg6+ Kf3 44. Rxa6 Kxg3 45. Rg6+ Kf3 46. Rg7 f4 47. Rg5 b4 48. cxb4 Rxb4 49. Rg7 Kf2 50. Rd7 f3 51. Rd6 Re4 52. Rd7 Re5 53. Rd6 Kf1 54. Rd7 f2 55. Rd6 Kg2 56. Rg6+ Kf1 57. Rd6 Rg5 58. Rd7 Kg1 0-1

[Event "Laval op"]
[Site "Laval CAN"]
[Date "2017.06.25"]
[Round "4.17"]
[White "Morin, Louis"]
[Black "Zhang, Hou Han"]
[Result "0-1"]
[WhiteElo "1886"]
[BlackElo "1752"]
[WhiteFideId "-1"]
[WhiteFideId "-1"]
[PlyCount "74"]
[GameId "2160767908411030"]
[EventDate "2017.06.23"]
[EventType "swiss"]
[EventRounds "5"]
[EventCountry "CAN"]

1. e4 c5 2. d4 cxd4 3. c3 Nf6 4. e5 Nd5 5. c4 Nb6 6. Qxd4 Nc6 7. Qe4 d6 8. Nf3 g6 9. Be2 Bf5 10. Qf4 dxe5 11. Nxe5 Nd4 12. Na3 Nxe2 13. Kxe2 Bg7 14. Rd1 Qc7 15. Nxg6 e5 16. Nb5 Qb8 17. Qxf5 hxg6 18. Qd3 O-O 19. Nd6 Qc7 20. Be3 Na4 21. Qa3 Rfd8 22. Qxa4 Rxd6 23. Rxd6 Qxd6 24. Rd1 Qe6 25. Rd5 Qg4+ 26. Kf1 Rc8 27. Rc5 Rd8 28. f3 Qf5 29. Kf2 Qb1 30. b4 Rd1 31. Qe8+ Kh7 32. Kg3 Rf1 33. Bg5 Qf5 34. h4 f6 35. Bd2 Qd3 36. Rd5 Qe2 37. Rd8 Qf2+ 0-1

[Event "Laval op"]
[Site "Laval CAN"]
[Date "2017.06.25"]
[Round "4.18"]
[White "Zhong, Kevin"]
[Black "Abran, David"]
[Result "1-0"]
[WhiteElo "1576"]
[BlackElo "1870"]
[WhiteFideId "-1"]
[WhiteFideId "-1"]
[PlyCount "51"]
[GameId "2160767908411031"]
[EventDate "2017.06.23"]
[EventType "swiss"]
[EventRounds "5"]
[EventCountry "CAN"]

1. e4 c5 2. Ne2 d6 3. g3 Nf6 4. Bg2 e6 5. c3 Be7 6. d4 cxd4 7. cxd4 d5 8. e5 Nfd7 9. O-O O-O 10. Nbc3 Nc6 11. f4 f5 12. Kh1 Rf7 13. Nxd5 Nf8 14. Nxe7+ Nxe7 15. Nc3 Rb8 16. Nb5 Nd5 17. Nd6 Rc7 18. Qb3 Bd7 19. Nxf5 exf5 20. Bxd5+ Kh8 21. Bg2 Rbc8 22. Be3 Rc2 23. Rac1 Qc7 24. Rxc2 Qxc2 25. Qxc2 Rxc2 26. Rf2 1-0

[Event "Laval op"]
[Site "Laval CAN"]
[Date "2017.06.25"]
[Round "5"]
[White "Huang, Qiuyu"]
[Black "Lopez Linares, Lizandro"]
[Result "1-0"]
[WhiteElo "2034"]
[BlackElo "2136"]
[WhiteFideId "-1"]
[WhiteFideId "-1"]
[PlyCount "83"]
[GameId "2160767908411032"]
[EventDate "2017.06.23"]
[EventType "swiss"]
[EventRounds "5"]
[EventCountry "CAN"]
[SourceTitle "CBM 179 Extra"]
[Source "ChessBase"]
[SourceDate "2017.08.23"]
[SourceVersion "1"]
[SourceVersionDate "2017.08.23"]
[SourceQuality "1"]

1. e4 c6 2. d4 d5 3. exd5 cxd5 4. Bd3 Nc6 5. c3 Qc7 6. h3 Nf6 7. Nf3 g6 8. Qc2 Bg7 9. O-O O-O 10. Re1 Nh5 11. Na3 a6 12. Qb3 Rd8 13. Be3 b5 14. Nc2 Na5 15. Qa3 Nc4 16. Bxc4 dxc4 17. Qc5 Qb7 18. a4 Rd5 19. Qa3 a5 20. Bd2 Bf8 21. Ne3 Rd8 22. axb5 Nf4 23. Ne5 f6 24. Nc6 Re8 25. Qa4 e5 26. Nxc4 Nd3 27. Re3 e4 28. b4 Qf7 29. bxa5 Be6 30. d5 Bxd5 31. Nb6 Bb3 32. Qd4 Bc5 33. Nxa8 Bxd4 34. cxd4 Bd5 35. Nb6 Bxc6 36. bxc6 Qb3 37. Rae1 f5 38. d5 f4 39. Rxd3 Qxd3 40. Bxf4 Qc3 41. Rc1 Qxa5 42. Be3 1-0

[Event "Laval op"]
[Site "Laval CAN"]
[Date "2017.06.25"]
[Round "5"]
[White "Prahov, Valentin"]
[Black "Nikulich, Oleksandr"]
[Result "1/2-1/2"]
[WhiteElo "2131"]
[BlackElo "1988"]
[WhiteFideId "-1"]
[WhiteFideId "-1"]
[PlyCount "72"]
[GameId "2160767908411033"]
[EventDate "2017.06.23"]
[EventType "swiss"]
[EventRounds "5"]
[EventCountry "CAN"]
[SourceTitle "CBM 179 Extra"]
[Source "ChessBase"]
[SourceDate "2017.08.23"]
[SourceVersion "1"]
[SourceVersionDate "2017.08.23"]
[SourceQuality "1"]

1. e4 e5 2. Nf3 Nc6 3. Bc4 Bc5 4. c3 Nf6 5. b4 Be7 6. d3 d6 7. h3 a5 8. b5 Nb8 9. a4 h6 10. O-O O-O 11. Re1 Nbd7 12. Nbd2 Re8 13. Nf1 Nc5 14. Be3 Bf8 15. Ng3 c6 16. Bxc5 dxc5 17. Qb3 Qc7 18. b6 Qd7 19. Nh4 Nh7 20. Ngf5 Ng5 21. Re3 Qd8 22. Rg3 Be6 23. Re1 Kh7 24. Nf3 Nxf3+ 25. Rxf3 Qd7 26. Ne3 f6 27. Bxe6 Qxe6 28. Qxe6 Rxe6 29. Nc4 Re7 30. Rfe3 Rd7 31. Kf1 Be7 32. g3 g5 33. Ke2 Bd8 34. g4 Ra6 35. Rb1 Kg6 36. Rg3 Rh7 1/2-1/2